[Event "Vilafranca del Penedes op 4th"]
[Site "Vilafranca del Penedes"]
[Date "2010.04.16"]
[Round "1.6"]
[White "Valles Soler, Jaume"]
[Black "Rodriguez Becerro, Miquel"]
[Result "0-1"]
[WhiteElo "1700"]
[BlackElo "2101"]
[PlyCount "92"]
[EventDate "2010.04.16"]
[EventType "swiss"]
[EventRounds "8"]
[EventCountry "ESP"]
[SourceTitle "EXT 2024"]
[Source "ChessBase"]
[SourceDate "2023.10.10"]
[SourceVersion "1"]
[SourceVersionDate "2023.10.10"]
[SourceQuality "1"]

1. d4 d6 2. c4 g6 3. e3 Bg7 4. Bd3 c5 5. Ne2 Nc6 6. d5 Ne5 7. 0-0 Nf6 8. Ng3 h5 9. Nc3 h4 10. Nge4 h3 11. g3 Nxd3 12. Nxf6+ Bxf6 13. Qxd3 Qd7 14. Bd2 Qf5 15. e4 Qh5 16. Nb5 0-0 17. Bc3 Qh8 18. f4 Bg4 19. Rae1 a6 20. Bxf6 Qxf6 21. Nc3 b5 22. cxb5 axb5 23. e5 Qg7 24. a3 b4 25. axb4 cxb4 26. Nd1 Ra5 27. Qd2 Rb5 28. Ne3 Bc8 29. exd6 exd6 30. g4 Qh6 31. Qd4 Qh4 32. f5 gxf5 33. Re2 fxg4 34. Nf5 Qg5 35. Ne7+ Kh7 36. Qd3+ Kh6 37. Nxc8 Rxd5 38. Rf6+ Kg7 39. Rg6+ fxg6 40. Re7+ Qxe7 41. Qxg6+ Kxg6 42. Nxe7+ Kf6 43. Nxd5+ Ke6 44. Nxb4 Ke5 45. Nc6+ Ke4 46. b4 Ke3 0-1

[Event "Vilafranca del Penedes op 3rd"]
[Site "Vilafranca del Penedes"]
[Date "2009.04.17"]
[Round "1.7"]
[White "Tallo Dominguez, Imar"]
[Black "Valles Soler, Jaume"]
[Result "1-0"]
[WhiteElo "2123"]
[BlackElo "1722"]
[PlyCount "81"]
[EventDate "2009.04.17"]
[EventType "swiss"]
[EventRounds "8"]
[EventCountry "ESP"]
[SourceTitle "EXT 2024"]
[Source "ChessBase"]
[SourceDate "2023.10.10"]
[SourceVersion "1"]
[SourceVersionDate "2023.10.10"]
[SourceQuality "1"]

1. e4 e5 2. Nf3 Nc6 3. Bb5 a6 4. Ba4 Nf6 5. d3 d6 6. c3 Bg4 7. 0-0 Be7 8. h3 Bd7 9. Re1 0-0 10. Nbd2 Re8 11. Nf1 Bf8 12. Bg5 g6 13. Ne3 Bg7 14. Nd5 Nb8 15. Bb3 c6 16. Nxf6+ Bxf6 17. Bxf6 Qxf6 18. d4 Kg7 19. Qd3 Be6 20. dxe5 dxe5 21. Red1 a5 22. Qe3 Nd7 23. Rd6 Nf8 24. Rad1 a4 25. Bxe6 Rxe6 26. R6d2 Qe7 27. g4 c5 28. Rd5 Rc8 29. c4 f6 30. Qa3 Rb6 31. Qxa4 Kg8 32. R1d2 Rb4 33. Qc2 b5 34. cxb5 Rxb5 35. g5 Rb6 36. Qc3 Ne6 37. Rd7 Qf8 38. gxf6 Qxf6 39. Nxe5 Nd4 40. R7xd4 Qxe5 41. Rd8+ 1-0